Water (Record no. 171841)

MARC details
000 -LEADER
fixed length control field 00552nam a2200193 4500
005 - DATE AND TIME OF LATEST TRANSACTION
control field 20200121165431.0
010 ## - LCCN (DPL NO)
LC control number ENG-127494
020 ## - INTERNATIONAL STANDARD BOOK NUMBER
Terms of availability 150.00
International Standard Book Number 9788187649137
035 ## - SYSTEM CONTROL NUMBER
System control number EN-111026
037 ## - SOURCE OF ACQUISITION
Source of stock number/acquisition DBAD/PUB
082 ## - DEWEY DECIMAL CLASSIFICATION NUMBER
Classification number S
100 ## - MAIN ENTRY--PERSONAL NAME
Personal name Ashokamitran
245 ## - TITLE STATEMENT
Title Water
Statement of responsibility, etc by Ashokamitran ; translated by Lakshmi Holmstrom
260 ## - PUBLICATION, DISTRIBUTION, ETC. (IMPRINT)
Place of publication, distribution, etc New Delhi
Name of publisher, distributor, etc Katha Urdu Library
Date of publication, distribution, etc 1998
270 ## - ADDRESS
Address A-3 Sarvodaya Enclave Sri Aurobindo Marg
City New Delhi
Postal code 110017
300 ## - PHYSICAL DESCRIPTION
Extent 156p.
Dimensions 21cm(hb)
700 ## - ADDED ENTRY--PERSONAL NAME
Personal name Holmstrom,Lakshmi
942 ## - ADDED ENTRY ELEMENTS (KOHA)
Source of classification or shelving scheme Dewey Decimal Classification
Item type English Books
Classification part S
Call number suffix ASH
Holdings
Withdrawn status Lost status Not for loan Collection code Home library Current library Date acquired Source of acquisition Cost, normal purchase price Full call number Barcode Copy number Cost, replacement price Koha item type
      Fiction Central Library Central Library 21/01/2020 DBAD/PUB 150.00 S ASH EN-111026 1 150.00 English Books
      Fiction D.B.Act.Division Mobile Library 12/12/2022 DBAD/PUB 150.00 S ASH EN-119362 1 150.00 English Books

© Delhi Public Library
Hit Counter
free hit counter